Performance management - critical success factors and balanced scorecard
Problematika manažérskych procesov, ktoré sa spájajú s manažérským riadením, ktoré rozlišuje na troch úrovniach a s problematikou výkonnostného manažmentu. Metóda Kritických faktorov úspešnosti a metóda Balanced Scorecard.
Gespeichert in:
| 1. Verfasser: | |
|---|---|
| Format: | Buchkapitel |
| Sprache: | Englisch |
| Schlagworte: | |
| Tags: |
Keine Tags, Fügen Sie das erste Tag hinzu!
|
MARC
| LEADER | 00000naa$a2200000$$$4500 | ||
|---|---|---|---|
| 001 | 0054916 | ||
| 005 | 20231017070149.8 | ||
| 041 | 0 | |a eng | |
| 044 | |a SK | ||
| 245 | 1 | 0 | |a Performance management - critical success factors and balanced scorecard |c Jozef Vodák |
| 520 | |a Problematika manažérskych procesov, ktoré sa spájajú s manažérským riadením, ktoré rozlišuje na troch úrovniach a s problematikou výkonnostného manažmentu. Metóda Kritických faktorov úspešnosti a metóda Balanced Scorecard. | ||
| 610 | 2 | 0 | |a metóda BSC |
| 610 | 2 | 0 | |a procesy podnikové |
| 610 | 2 | 0 | |a procesy rozhodovacie |
| 610 | 2 | 0 | |a riadenie podnikové |
| 610 | 2 | 0 | |a riadenie strategické |
| 610 | 2 | 0 | |a konkurencieschopnosť |
| 100 | 1 | |a Vodák, Jozef | |